<?xml version="1.0" encoding="UTF-8"?>
<record
    xmlns:xsi="http://www.w3.org/2001/XMLSchema-instance"
    xsi:schemaLocation="http://www.loc.gov/MARC21/slim http://www.loc.gov/standards/marcxml/schema/MARC21slim.xsd"
    xmlns="http://www.loc.gov/MARC21/slim">

  <leader>00956aam a22002894i 4500</leader>
  <datafield tag="999" ind1=" " ind2=" ">
    <subfield code="c">7984</subfield>
    <subfield code="d">7984</subfield>
  </datafield>
  <controlfield tag="001">991026382229706706</controlfield>
  <controlfield tag="003">OSt</controlfield>
  <controlfield tag="005">20241126105653.0</controlfield>
  <controlfield tag="008">960513s1975    spco   ||     000 0|spa  </controlfield>
  <datafield tag="017" ind1=" " ind2=" ">
    <subfield code="a">DL B 17233-1975</subfield>
    <subfield code="b">Biblioteca de Catalunya</subfield>
  </datafield>
  <datafield tag="020" ind1=" " ind2=" ">
    <subfield code="a">8427002866</subfield>
  </datafield>
  <datafield tag="035" ind1=" " ind2=" ">
    <subfield code="a">(ES-BaCBU).b1686167x</subfield>
  </datafield>
  <datafield tag="035" ind1=" " ind2=" ">
    <subfield code="a">(OCoLC)802771496</subfield>
  </datafield>
  <datafield tag="040" ind1=" " ind2=" ">
    <subfield code="a">ES-BaBC</subfield>
    <subfield code="b">cat</subfield>
    <subfield code="e">rda</subfield>
    <subfield code="c">CDMR</subfield>
  </datafield>
  <datafield tag="080" ind1=" " ind2=" ">
    <subfield code="a">82.081</subfield>
  </datafield>
  <datafield tag="100" ind1="1" ind2=" ">
    <subfield code="a">Roig, Montserrat</subfield>
    <subfield code="9">2620</subfield>
  </datafield>
  <datafield tag="245" ind1="1" ind2="4">
    <subfield code="a">Los Hechiceros de la palabra /</subfield>
    <subfield code="c">Montserrat Roig</subfield>
  </datafield>
  <datafield tag="264" ind1=" " ind2="1">
    <subfield code="a">Barcelona :</subfield>
    <subfield code="b">Ediciones Martinez Roca S.A.,</subfield>
    <subfield code="c">[1975]</subfield>
  </datafield>
  <datafield tag="300" ind1=" " ind2=" ">
    <subfield code="a">216 p&#xE0;gines, 8 full de l&#xE0;mines :</subfield>
    <subfield code="b">il&#xB7;lustracions ;</subfield>
    <subfield code="c">20 cm</subfield>
  </datafield>
  <datafield tag="490" ind1="1" ind2=" ">
    <subfield code="a">Colecci&#xF3;n Perfiles Ib&#xE9;ricos ;</subfield>
    <subfield code="v">6</subfield>
  </datafield>
  <datafield tag="650" ind1=" " ind2="0">
    <subfield code="9">4368</subfield>
    <subfield code="a">Escriptors</subfield>
    <subfield code="v">Intervius</subfield>
  </datafield>
  <datafield tag="830" ind1=" " ind2="0">
    <subfield code="a">Perfiles Ib&#xE9;ricos ;</subfield>
    <subfield code="v">6</subfield>
  </datafield>
  <datafield tag="907" ind1=" " ind2=" ">
    <subfield code="a">.b1686167x</subfield>
    <subfield code="b">16-06-21</subfield>
    <subfield code="c">07-05-08</subfield>
    <subfield code="d">06-05-08</subfield>
    <subfield code="e">m</subfield>
    <subfield code="f">a</subfield>
    <subfield code="g">-</subfield>
    <subfield code="h">spa</subfield>
    <subfield code="i">spc</subfield>
    <subfield code="j">4</subfield>
    <subfield code="k">6</subfield>
  </datafield>
  <datafield tag="908" ind1=" " ind2=" ">
    <subfield code="a">BAB</subfield>
    <subfield code="a">BC</subfield>
    <subfield code="a">UB</subfield>
    <subfield code="a">UdG</subfield>
    <subfield code="a">URV</subfield>
    <subfield code="a">BMVB</subfield>
    <subfield code="a">UAB</subfield>
  </datafield>
  <datafield tag="940" ind1=" " ind2=" ">
    <subfield code="a">BC</subfield>
  </datafield>
  <datafield tag="942" ind1=" " ind2=" ">
    <subfield code="2">udc</subfield>
    <subfield code="c">MON</subfield>
  </datafield>
  <datafield tag="952" ind1=" " ind2=" ">
    <subfield code="0">0</subfield>
    <subfield code="1">0</subfield>
    <subfield code="4">0</subfield>
    <subfield code="7">0</subfield>
    <subfield code="a">CDMR</subfield>
    <subfield code="b">CDMR</subfield>
    <subfield code="d">2024-11-26</subfield>
    <subfield code="e">Donaci&#xF3;</subfield>
    <subfield code="g">12.00</subfield>
    <subfield code="l">0</subfield>
    <subfield code="o">Du 6/134</subfield>
    <subfield code="p">CDMR24111266</subfield>
    <subfield code="r">2024-11-26</subfield>
    <subfield code="w">2024-11-26</subfield>
    <subfield code="y">MON</subfield>
  </datafield>
</record>
